000 00458nam a2200181Ia 4500
001 18642
005 20260306171645.0
008 260306s9999||||xx |||||||||||||| ||und||
041 _aESP
082 _a658.4092
_bR24
100 _aRamos Ramos, Paloma
_eAUT
245 0 _aDirección de equipos de trabajo:
_bliderazgo y motivación
260 _c2015
300 _a207 páginas :
_c24 cm.
650 _aGEN
654 _aCAN
942 _cLIB
_dJUS
_fJUS
_2ddc
_n
999 _c18642
_d18642